00363 a2200145 450000100060000002000190000604000370002510000360006224000390009824500340013730000080017136200090017944000120018865000170020074212 a978850804356-9 cAnchieta - Colégio São Paulo aSabini, Maria Aparecida Cória10aPsicologia do desenvolvimentolpor10aPsicologia do desenvolvimento a1070 a1997 1aÁtica 4aEducação